عرض عادي
عرض مارك
- BOHRA, A..
مدخل إسم شخص
001 - رقم الضبط
- حقل الضبط: 37517
003 - معرف رقم الضبط
- حقل الضبط: OSt
005 - تاريخ ووقت أخر عملية
- حقل الضبط: 20131007215101.0
008 - عناصر بيانات ثابتة الطول
- حقل تحكم ثابت الطول: 131007|||a|||||| | ||| d
040 ## - مصدر الفهرسة
- هيئة الفهرسة الأصلية: OSt
- وكالة الكتابة: OSt
100 ## - مدخل -- أسم شخص
- إسم شخص: BOHRA, A..
670 ## - بيانات المصدر موجوده
- الاستشهاد بالمصدر: Work cat.: (OSt)31040: BOHRA, A.., Food microbiology /, 2012.
